00982nam a2200241Ia 4500001000600000003000900006008004100015040001300056040001300069041001300082100001900095100002900114245008600143245004700229250001100276260001400287260001200301260004900313300005700362500026500419650002500684650003100709G5188IT-RoPAU130308s9999 xx 000 0 und d aIT-RoPAU cIT-RoPAU aITALIANO aParkes Malcolm gCodice Aut. SPICS: 54993 aLeggere, crivere, interpretare il testo : pratiche monastiche nell'Alto Medioevo bStoria della Lettura nel Mondo Occidentale a2a ed. aROMA/BARI bLaterza c1999 [1° Ed.:1995 - Ed.Ling.Originale:1995] a"20 p. (prefazione: no ; testo: 20 [pagine: 71-90])" aLeggere per la salvezza dell'Anima. Dalla Lettura Orale Alla Lettura Silenziosa. Scrittura Come Linguaggio Visibile. nuove Tecniche di presentazione Testuale. Interpretazione del testo ed Esegesi Cristiana. Sviluppo della Punteggiatura. Scrittura del Volgare. aSAGGI DI LINGUISTICA eCodice materia Spics: 3207